| 000 | 00547nam a22001697a 4500 | ||
|---|---|---|---|
| 082 |
_a940.547554 _bOFF _cL-30, P-40 |
||
| 100 |
_aRain, B.L _948904 |
||
| 245 | _aMedicine, surgery and pathology | ||
| 260 |
_aIndia & Pakistan _bCombined inter-services historical section. _c1955 |
||
| 300 |
_axliii, 906 p. _bill. |
||
| 526 |
_a0 _b0 _c0 _d940_547554000000000_OFF |
||
| 526 |
_a0 _b0 _c0 _d940_547554000000000_OFF |
||
| 526 |
_a0 _b0 _c0 _d940_547554000000000_OFF |
||
| 526 |
_a0 _b0 _c0 _d940_547554000000000_OFF |
||
| 650 |
_aMCE _9379 |
||
| 942 |
_2ddc _cBK |
||
| 999 |
_c551762 _d551762 |
||